(Μυθ-)ιστορίες εξωφύλλων: μια συμβολή στην ιστορία των σχολικών εγχειριδίων
Αποθηκεύτηκε σε:
| Κύριος συγγραφέας: | |
|---|---|
| Μορφή: | Βιβλίο |
| Γλώσσα: | Greek |
| Δημοσίευση: |
Θεσσαλονίκη:
Επίκεντρο,
2018.
|
| Θέματα: | |
| Ετικέτες: |
Προσθήκη ετικέτας
Δεν υπάρχουν, Καταχωρήστε ετικέτα πρώτοι!
|
MARC
| LEADER | 00000nam a2200000 a 4500 | ||
|---|---|---|---|
| 001 | 1/116405 | ||
| 008 | 180507s2018####gr | ||| |||| ||gre|| | ||
| 020 | |a 9789604587667 | ||
| 040 | |a GR-MyUa |b gre |c GR-MyUa |e AACR2 | ||
| 041 | 0 | |a gre | |
| 082 | 7 | |a 370.09495 |2 (23) | |
| 100 | 1 | |a Κασίδου, Στέλλα. | |
| 245 | 1 | 0 | |a (Μυθ-)ιστορίες εξωφύλλων: |b μια συμβολή στην ιστορία των σχολικών εγχειριδίων / |c Στέλλα Κασίδου. |
| 260 | |a Θεσσαλονίκη: |b Επίκεντρο, |c 2018. | ||
| 300 | |a 197 σ. : |b εικ., πίν. ; |c 24 εκ. | ||
| 500 | |a Περιέχει παράρτημα. | ||
| 504 | |a Βιβλιογραφία: σ. 173-198. | ||
| 650 | 0 | |a Books |z Greece |x History. | |
| 650 | 0 | |a Education, Greek |x History. | |
| 650 | 0 | |a Books and reading |z Greece |x Research. | |
| 650 | 0 | |a School children |x Books and reading. | |
| 852 | |a INST |b RHODES |c EUDOXUS |e 20180507 |h 370.09495 ΚΑΣ |p 005400039956 |q 005400039956 |t EDX |y 0 | ||
| 920 | |a Εύδοξος |b Παραγγελία |y Ρόδος-ΠΤΔΕ |z 2018-04 | ||
| 970 | |z 07-05-2018 | ||